000 00773nam a2200229 a 4500
999 _c11285
_d11285
001 11285
003 BD-JhCC
005 20191029134018.0
008 190621s19942019bg a|||| ||a| 000 0 ben d
020 _a9847027700428
035 _a(BD-JhCC)11285
040 _aBD-JhCC
_dBD-JhCC
041 _aben
082 _a500
_bIQB 2019
100 _aইকবাল, মুহম্মদ জাফর
245 _aবিজ্ঞানের একশ মজার খেলা /
_c মুহম্মদ জাফর ইকবা ।
260 _aঢাকা:
_bজ্ঞানকোষ প্রকাশনী;
_c২০১৯.
300 _a৭০ পৃ. :
_bill;
_c২২ সেমি.
650 _aScience comedy
942 _2ddc
_cBK
_02